Responses for Show #2014 - Thursday, May 13, 1993

1993 College Championship final game 1.

Contestants

[<< previous game]

John van DeWeert, a sophomore from Princeton University

Eric Biber, a sophomore from Harvard University

Phoebe Juel, a junior from Grinnell College

[next game >>]

Jeopardy! Round responses

FIRST LADIES
ROCK GROUPS
ANNUAL EVENTS
1990
THE HISTORY OF HAIR
ANAGRAMS
    $100 3
Nancy Reagan

John
    $100 11
Guns N' Roses

Phoebe
    $100 17
Mardi Gras

Phoebe
    $100 1
Kuwait

Eric
    $100 16
he burned it off

John
    $100 22
(Phoebe: What is shirts?)

Levis (LEVIS/ELVIS)

PhoebeJohn
    $200 4
Rosalynn Carter

Phoebe
    $200 12
Aerosmith

Phoebe
    $200 18
cherry trees (or cherry blossoms)

Eric
    $200 2
Noriega

John
    $200 27
pluck

Phoebe
    $200 23
satin (SATIN/STAIN)

Eric
    $300 7
Lady Bird Johnson

Phoebe
    $300 13
R.E.M.

Phoebe
    $300 19
Arizona

Triple Stumper
    $300 5
East & West Germany

John
    $300 28
iron it

Phoebe
    $300 24
Hamlet (HAMLET/THELMA)

John
    $400 8
(Eric: What is Hannibal, Missouri?)
---
(Alex: Mark Twain might have picked Hannibal.)

Independence, Missouri

PhoebeEric
    $400 14
U2

Phoebe
    $400 20
the Carlsbad Caverns

Eric
    $400 6
A Chorus Line

John
    $400 29
a fall

Phoebe
    $400 25
Ontario (ONTARIO/ORATION)

John
    $500 9
Mrs. McKinley

Phoebe
    $500 15
(Alex: What is [*], or as I referred to them a couple of years ago, I-N-X-S.)

INXS

Triple Stumper
    $500 21
California

John
    $1,000 10
Australia

Phoebe
    $500 30
henna

Phoebe
    $500 26
a hornet (HORNET/THRONE)

Eric

Scores at the first commercial break (after clue 13):

Phoebe Eric John
$3,000 -$300 $1,000

Scores at the end of the Jeopardy! Round:

Phoebe Eric John
$4,800 $1,000 $2,400

Double Jeopardy! Round responses

ASIAN HISTORY
ART
THE BIBLE
MEDICINE
LAKES & RIVERS
GORILLAS
    $200 11
Vietnam

Eric
    $200 26
optical

Triple Stumper
    $200 4
Samson

John
    $200 3
Rx

John
    $200 1
the Amazon

Eric
    $200 21
primates

Eric
    $400 12
Commodore Perry

John
    $400 27
Pietà

Triple Stumper
    $400 5
brimstone

Eric
    $400 7
the ear

Phoebe
    $400 2
the Rhine

Phoebe
    $400 22
(Eric: What is the highlands?)

the mountain

PhoebeEric
    $600 14
the Ottoman Empire

Eric
    $600 28
Gauguin

Eric
    $600 13
Moses

Eric
    $600 8
the caduceus

Eric
    $600 6
the Hudson

Phoebe
    $600 23
(Eric: Who is Leakey?)
---
(Alex: That would have been "Gorillas in the Mist", [*].)

Dian Fossey

Eric
Triple Stumper
    $800 15
Pakistan

Phoebe
    $800 29
(Phoebe: Who is Rembrandt?)

Van Gogh

PhoebeEric
    $800 19
Goliath

John
    $800 17
Johns Hopkins

Phoebe
    $800 9
Turkey

Eric
    $2,000 24
(Alex: It's been going on since 1972.)

Koko

Phoebe
    $3,000 16
the Netherlands

Phoebe
    $1000 30
"American Gothic"

Triple Stumper
    $1000 20
Endor

Phoebe
    $1000 18
(John: Who is Hardy?)

(William) Harvey

EricJohn
    $1000 10
Lake Nasser

Eric
    $1000 25
silverbacks

Phoebe

Scores at the end of the Double Jeopardy! Round:

Phoebe Eric John
$14,400 $7,000 $3,000

Final Jeopardy! Round responses

WORLD CAPITALS
(Alex: The country, of course, is the Philippines, Manuel Roxas.)
JohnWhat is Monrovia?
$3,000
EricWhat is Manila?
$3,500
PhoebeWhat is Manilla
$5,000
Manila

Final scores:

Phoebe Eric John
$19,400 $10,500 $0

Game dynamics:

Coryat scores:

Phoebe Eric John
$10,700 $7,000 $3,000
24 R
(including 3 DDs),
2 W
17 R,
3 W
13 R,
1 W

Combined Coryat: $20,700

[game] [game scores] [suggest correction]

Game tape date: Unknown
The J! Archive is created by fans, for fans. Scraping, republication, monetization, and malicious use prohibited; this site may use cookies and collect identifying information. See terms. The Jeopardy! game show and all elements thereof, including but not limited to copyright and trademark thereto, are the property of Jeopardy Productions, Inc. and are protected under law. This website is not affiliated with, sponsored by, or operated by Jeopardy Productions, Inc. Join the discussion at JBoard.tv.